000 00679nam a2200289Ia 4500
005 20260324134626.0
008 008 260324s9999 xx 000 0 eng d
020 _a9781003496366
037 _aEBOOK
040 _aCRL
040 _beng
040 _cCRL
041 _2eng
041 _aeng
084 _qCRL
100 _aDiana Medlicott
_91197535
245 0 _aSurviving the Prison Place
245 0 _bNarratives of Suicidal Prisoners
260 _bTaylor and Francis
260 _c2001
365 _a
365 _b160
856 _uhttp://www.taylorfrancis.com/books/9781003496366
942 _cEBOOK
999 _c1797812
_d1797812